000 00588nam a2200217Ia 4500
003 GCL
008 140319s9999 xx 000 0 eng d
040 _aGCL /
_cGCL
082 0 4 _a372.86
_bA F
100 1 _aANDERSON, DAVID
245 1 0 _aFOUNDATIONS OF CONDIEN PHYSICAL EDUCATION: RECREATION AND SPORTS STUDIES /
_cANDERSON, DAVID
700 1 _aBROOM, ERIC
700 1 _aPOOLEY, JOHN
260 _a[S.N] :
_bWCB BROWN & BENCHANARK ،
_c1995
300 _a339 P
650 0 4 _aPHYSICAL EDUCATION
650 0 4 _aFITNESS
650 0 4 _aSPORTS
650 0 4 _aHEALTH
942 _2ddc
_cBK
999 _c11727
_d11727